K potenciálu a o možnostiach využívania ciroka cukrového

Cirok cukrový je hodnotná, hospodársky významná plodina využívaná najmä v potravinárskom priemysle. Ekonomicky efektívna plodina z dôvodov nižších materiálových nákladov. Využitie ako kŕmnej plodiny pre ovce a hovädzí dobytok a postupné začleňovanie na výrobu etanolu a bioplynov v bioenergetike. Bi...

Descrizione completa

Salvato in:
Dettagli Bibliografici
Autore principale: Stričík, Michal, 1969-
Altri autori: Husťák, Ján, Sokol, Ondrej
Natura: Capitolo di libro
Lingua:slovacco
Soggetti:
Tags: Aggiungi Tag
Nessun Tag, puoi essere il primo ad aggiungerne!!

MARC

LEADER 00000naa$a2200000$$$4500
001 0234254
005 20240502073811.7
041 0 |a slo 
044 |a SK 
245 1 0 |a K potenciálu a o možnostiach využívania ciroka cukrového  |c M. Stričík, J. Husťák, O. Sokol 
520 |a Cirok cukrový je hodnotná, hospodársky významná plodina využívaná najmä v potravinárskom priemysle. Ekonomicky efektívna plodina z dôvodov nižších materiálových nákladov. Využitie ako kŕmnej plodiny pre ovce a hovädzí dobytok a postupné začleňovanie na výrobu etanolu a bioplynov v bioenergetike. Biologicky hodnotné látky v ciroku. 
610 2 0 |a poľnohospodárstvo 
610 2 0 |a potravinárstvo 
610 2 0 |a krmoviny 
610 2 0 |a cukor 
610 2 0 |a plodiny poľnohospodárske 
100 1 |a Stričík, Michal, 1969- 
700 1 |a Husťák, Ján 
700 1 |a Sokol, Ondrej